[Event "Seebach op 15th"]
[Site "Grossenseebach"]
[Date "2004.06.17"]
[Round "3"]
[White "Schoebel, Klaus"]
[Black "Braussemann, Ingo"]
[Result "0-1"]
[WhiteElo "1858"]
[BlackElo "1812"]
[PlyCount "68"]
[EventDate "2004.06.17"]
[EventType "swiss"]
[EventRounds "7"]
[EventCountry "GER"]
[SourceTitle "EXT 2018"]
[Source "ChessBase"]
[SourceDate "2017.10.13"]
[SourceVersion "1"]
[SourceVersionDate "2017.10.13"]
[SourceQuality "1"]

1. e4 e6 2. d4 d5 3. e5 c5 4. Nf3 Nc6 5. c3 Qb6 6. a3 c4 7. Nbd2 f6 8. Be2 fxe5 9. Nxe5 Nxe5 10. dxe5 Nh6 11. Nf3 Ng4 12. 0-0 Bc5 13. Nd4 Nxe5 14. Re1 0-0 15. Be3 Bd7 16. Rb1 Be8 17. b4 Bxd4 18. Bxd4 Qc7 19. Bh5 Nc6 20. Bc5 Rf6 21. Bxe8 Rxe8 22. Qh5 Ra8 23. g3 b6 24. Be3 Rf5 25. Qg4 Raf8 26. Re2 Ne5 27. Qh3 Nd3 28. Rf1 e5 29. Qg2 Qd7 30. Rd2 d4 31. cxd4 exd4 32. Qe4 Qd5 33. Bg5 Rxg5 34. h4 Re5 0-1

[Event "Seebach op 14th"]
[Site "Grossenseebach"]
[Date "2003.06.21"]
[Round "6"]
[White "Werner, Thomas1111"]
[Black "Schoebel, Klaus"]
[Result "1-0"]
[WhiteElo "1815"]
[BlackElo "1623"]
[PlyCount "67"]
[EventDate "2003.06.19"]
[EventType "swiss"]
[EventRounds "7"]
[EventCountry "GER"]
[SourceTitle "EXT 2018"]
[Source "ChessBase"]
[SourceDate "2017.10.13"]
[SourceVersion "1"]
[SourceVersionDate "2017.10.13"]
[SourceQuality "1"]

1. d4 d5 2. c4 e6 3. Nf3 Nf6 4. Bg5 Be7 5. Nc3 0-0 6. e3 c6 7. Qc2 Nbd7 8. Rc1 dxc4 9. Bxc4 Nd5 10. Bxe7 Qxe7 11. 0-0 Nxc3 12. Qxc3 Re8 13. Rfd1 b5 14. Bd3 Bb7 15. b4 Nf6 16. Ne5 Nd5 17. Qc2 Nxb4 18. Bxh7+ Kh8 19. Qb1 Nd5 20. Bd3 Qf6 21. Rc5 g6 22. Rdc1 Kg7 23. Nxc6 Rh8 24. h3 a6 25. Be4 Rh5 26. Na5 Rb8 27. Nxb7 Rxb7 28. a4 b4 29. Qb3 Rd7 30. Bxd5 Rdxd5 31. Qxb4 Qg5 32. Kf1 Qf5 33. Qc4 a5 34. g4 1-0